Statistics for Rocky Movies

Click here to take the quiz!

General Stats

  • This quiz has been taken 11 times
  • The average score is 7 of 8

Answer Stats

Year Answer % Correct
1976Rocky
100%
1979Rocky II
100%
1985Rocky IV
91%
2015Creed
91%
1982Rocky III
82%
1990Rocky V
82%
2006Rocky Balboa
82%
2018Creed II
73%

Score Distribution

Percentile by Number Answered

Percent of People with Each Score

Your Score History

You have not taken this quiz